000
00268pam a2200121 a 4500
020
_c
041
_a
eng
100
_a
Nicor Hugs.
245
_a
Microbers By The Million
_h
Textual Documents
260
_a
New York
_b
Penguin Books Ltd
300
_a
221p.
930
_a
15310
999
_c
92210
_d
92210